[Event "Harare op"]
[Site "Harare"]
[Date "2015.12.29"]
[Round "3"]
[White "Kayonde, Andrew"]
[Black "Lewis, Kahoba"]
[Result "1-0"]
[WhiteElo "2361"]
[BlackElo "2114"]
[PlyCount "85"]
[EventDate "2015.12.28"]
[EventType "swiss"]
[EventRounds "9"]
[EventCountry "ZIM"]
[SourceTitle "EXT 2017"]
[Source "ChessBase"]
[SourceDate "2016.10.25"]
[SourceVersion "1"]
[SourceVersionDate "2016.10.25"]
[SourceQuality "1"]

1. d4 Nf6 2. Nf3 g6 3. Nbd2 Bg7 4. e4 d6 5. Bd3 c5 6. dxc5 dxc5 7. 0-0 0-0 8. Qe2 Nc6 9. c3 Qc7 10. Re1 Rd8 11. Bc4 e6 12. Nf1 b6 13. Bg5 Rd7 14. e5 Ne8 15. h4 h6 16. Bf4 Bb7 17. Rad1 Rad8 18. Rxd7 Qxd7 19. Ne3 Ne7 20. Rd1 Qc7 21. Bb5 Nc6 22. Ng4 Kh7 23. Rxd8 Qxd8 24. h5 Nc7 25. Bd3 Nd5 26. Bc1 Nce7 27. Qd2 Qf8 28. Be4 Ba6 29. b3 f5 30. exf6 Nxf6 31. Nxf6+ Qxf6 32. Qd7 Nf5 33. hxg6+ Qxg6 34. Nh4 Qf6 35. Nxf5 Kh8 36. Bf4 Bb5 37. Qc8+ Qf8 38. Qxe6 Qf6 39. Qxf6 Bxf6 40. c4 Be8 41. Bxh6 Bd4 42. Be3 Bxe3 43. fxe3 1-0